Top 10 Lowest Rated WWE Wrestlemanias - Statistics

General Stats
  • This quiz has been taken 65 times
  • The average score is 10 of 10
Answer Stats
Rating (Out of 10) Event % Correct
4.84 Wrestlemania I
100%
5.15 Wrestlemania V
100%
3.42 Wrestlemania II
98%
3.78 Wrestlemania IV
98%
3.86 Wrestlemania IX
98%
4.08 Wrestlemania XV
98%
3.34 Wrestlemania XI
95%
4.74 Wrestlemania XXVIII
91%
5.31 Wrestlemania 32
88%
5.53 Wrestlemania XXIX
88%
No matching quizzes found
Score Distribution
Percent of People with Each Score
Percentile by Number Answered
Your Score History
You have not taken this quiz